Οικονομική των μεταφορών

Saved in:
Bibliographic Details
Main Author: Boyer, Kenneth Duncan
Other Authors: Κορομάτζου, Βίβιαν (Translator, trlf)
Format: Book
Language:Greek
Published: Αθήνα : Ελλην, c2005
Subjects:
Tags: Add Tag
No Tags, Be the first to tag this record!

MARC

LEADER 00000cam a2200000 i 4500
001 1/30291
008 130527s2005 gr ||| | gre||
020 |a 960286754X 
035 |l 10114532 
040 |a GR-MY-UA  |b gre  |e aacr 
041 0 |a gre 
082 0 |a 380.5909495  |2 (22) 
100 1 |a Boyer, Kenneth Duncan. 
245 1 0 |a Οικονομική των μεταφορών /   |c Kenneth D. Boyer ; Μετάφραση: Βίβιαν Κορομάτζου ; Επιμέλεια: Σάββας Σανοζίδης. 
260 |a Αθήνα :   |b Ελλην,   |c c2005 
300 |a 464 σ.;   |b πίν., χάρτ.;   |c 24 εκ.  
504 |a Περιλαμβάνει σημειώσεις. 
650 0 0 |a Transportation  |z Greece. 
700 1 |4 trl  |a Κορομάτζου, Βίβιαν,  |e trlf 
852 |a INST  |b CHIOS  |c EUDOXUS  |e 20130527  |h 380.5909495 BOY  |p 005200035216  |q 005200035216  |t EDX  |y 0 
852 |a INST  |b CHIOS  |c EUDOXUS  |e 20130527  |h 380.5909495 BOY  |p 005200035217  |q 005200035217  |t EDX  |y 0 
901 |a BIBL2-2013-1 
909 |a Χ  |b 175613 
909 |a Χ  |b 175614 
920 |a ΕΥΔΟΞΟΣ  |b ΠΑΡΑΓΓΕΛΙΑ  |y Χίος  |z 2013-05 
922 |a 2ΕΛΗ 
970 |a ΠΟΥΛΑΚΗ  |b ΣΤΕΛΛΑ  |z 2013/05/27